000 00247nam a2200109Ia 4500
008 190216s9999||||xx |||||||||||||| ||und||
100 _aKartha Pc
245 0 _aPre-Degree Bhoudikam
260 _bBhasha Institute
650 _aPhysics
942 _cBK
999 _c40106
_d40106